00671nam a2200229 a 4500001001300000003000900013005001700022008004100039020001000080082001500090100001900105245005200124260002800176300000900204500003500213650002600248700001900274902000800293942000700301952011600308999001700424nice12345678IN_TiNIC20260116014309.0070413s2002 lona grp 000 0 eng  ac30000a305.3bKIM aKimmel, Michel aMasculinties Matterbman, Gender and Devlopment aLondonbZed Booksc2002 a242p aincludes index and biblioraphy aGender Discrimination1 aKimmel, Michel bSRS cBK 001040708StackRoom-aHMIbHMId2007-04-13g300.00l0o305.3 KIMp021533r2007-04-13v300.00w2007-04-13yBK c14695d14695